Normal view
MARC view
Entry Topical Term
001 - CONTROL NUMBER
- control field: 7352
003 - CONTROL NUMBER IDENTIFIER
- control field: BD-RjUL
005 - DATE AND TIME OF LATEST TRANSACTION
- control field: 20230417142359.0
008 - FIXED-LENGTH DATA ELEMENTS
- fixed length control field: 230417|| aca||aabn | a|a d
040 ## - CATALOGING SOURCE
- Original cataloging agency: BD-RjUL
- Transcribing agency: BD-RjUL
150 ## - HEADING--TOPICAL TERM
- Topical term or geographic name entry element: Fatty acids
- Form subdivision: Biochemistry
670 ## - SOURCE DATA FOUND
- Source citation: Work cat.: (BD-RjUL)81352: Khatun, Mahbuba 7351, Comparative studies on fatty acid composition of domestic and hybrid chickens and their effect on blood parameters in experimental rats / , 2015